000
00286nam a2200121Ia 4500
008
191201s2016 xx 000 0 und d
100
_a
KANETKAR, Yashavant
245
0
_a
Exploring C
250
_a
Rep
260
_c
2016
_b
BPB Publication
_a
NEW DELHI
300
_a
605
942
_2
ddc
_c
BK
_0
2
999
_c
7966
_d
7966